000
00286nam a22001217a 4500
008
230627b |||||||| |||| 00| 0 eng d
082
_a
813
100
_a
BHANAWAT, Narendra
245
_a
Ye Mere Man
260
_a
Jaipur
_b
Sidhyashree Prakashan
_c
1993
300
_a
100p
942
_2
ddc
_c
BK
999
_c
3139
_d
3139